Statistiques concernant Pays en 11 lettres

Cliquez ici pour prendre le quiz!

Statistiques générales

  • Ce quiz a été pris 42 fois
  • Le résultat moyen est 6 sur 12

Statistiques - réponses

Pays% Correct
Afghanistan
77%
Ouzbékistan
77%
Tadjikistan
66%
Azerbaïdjan
63%
Corée du nord
63%
Biélorussie
54%
Burkina Faso
46%
Philippines
46%
Sainte-Lucie
43%
Soudan du sud
40%
Sierra Leone
37%
Côte d'Ivoire
34%

Distribution des résultats

Percentile par nombre de réponses

% des personnes avec chaque résultat

Votre développement - résultats

Vous n’avez pas pris ce quiz